| 000 | 00781nam a22002297a 4500 | ||
|---|---|---|---|
| 005 | 20170124102941.0 | ||
| 010 | _aA-990252 | ||
| 020 | _c00.00 | ||
| 035 | _aA-990252 | ||
| 037 | _bCen Lib/Ret | ||
| 040 |
_aDPL _bHN |
||
| 082 |
_a827 _bत्यागीर |
||
| 100 |
_aत्यागी, र. ना. _948441 |
||
| 245 |
_cर. ना. त्यागी _aबदलो का गाँव / |
||
| 246 |
_aBadlon ka gaon / _bby R.N. Tayagi |
||
| 300 |
_a371पृ. _c21सेमी (सजिल्द) |
||
| 650 |
_aहिंदी साहित्य _948442 |
||
| 650 |
_aनिबंध संग्रह _97 |
||
| 650 |
_aHindi Literature _948443 |
||
| 650 |
_aEssay Collection _948444 |
||
| 942 |
_2ddc _cHN _h827 _mत्यागीर |
||
| 999 |
_c112619 _d112619 |
||